000 01500nam a22003137a 4500
001 1553
003 FISKH
005 20231002115333.0
008 230906b cb ||||| |||| 00| 0 khr d
020 _a9789924340027
040 _aFISKH
_beng
_cFISKH
_dFISKH
082 _a641.3
100 _aAnonymous
245 _aការដាំសណ្ដែកគួរ /
250 _aបោះពុម្ពលើកទី២ សីហា ២០២១
260 _aPhnom Penh :
_bSipar,
_c2021.
300 _a48 pages :
_bcolor illustrations ;
_c29 cm
490 _aបំនិនជីវិត​
505 _aZ'
520 _aបង្ហាញពីរបៀបរៀបចំរង ការបណ្ដុះកូនរហូតដល់ការប្រមូលផល និងវិធីធ្វើម្ហូបអាហារសាមញ្ញៗពីផ្លែសណ្ដែកគួរសម្រាប់បរិភោគក្នុងគ្រួសារ។
520 _aDemonstrate how to prepare the house until harvest and how to make simple food from beans for family eating.
521 8 _a1120
_bLexile estimate
521 8 _aZ'
_bRaz-Plus
650 _aBeans
_vPrepare a house
_xHarvest
_yFood
650 _aសណ្ដែក
_vរៀបចំរោង
_xប្រមួលផល
_yម្ហូបម្ហា
700 _aAmatak, Chhaiya
_eillustrator
700 _aSophaleap, Nhoek
_eillustrator
942 _2ddc
_cBK
_n0
999 _c1553
_d1553